000 00627nam a2200181Ia 4500
003 PILC
005 20160321110845.0
008 140609s9999 xx 000 0 und d
020 _a9781906884192
050 _aG 155.A1
_b.H314 2012
100 _aHawkins, Rebecca.
245 _aResponsible hospitality :
_btheory and practice / 
_cRebecca Hawkins and Paulina Bohdanowicz.
260 _aWoodeaton, Oxford :
_bGoodfellow Publishers,
_c2012.
300 _a282 pages :
_billustrations ;
_c25 cm.
500 _aIncludes bibliographical references, appendices, glossary and index.
942 _kFOR
_cBK
_2lcc
999 _c118057
_d118057